000 09448nam a22005657a 4500
003 TH-BaNU
005 20230613101204.0
008 230215b2558 th ||||| |||| 00| 0 tha d
020 _a9786163821638
040 _aTH-BaNU
060 _aWS 462
_bส271ต 2558
100 _aสมภพ เรืองตระกูล,
_eผู้แต่ง.
245 _aตำราจิตเวชวัยรุ่น /
_cสมภพ เรืองตระกูล.
250 _aพิมพ์ครั้งที่ 1.
260 _aกรุงเทพฯ :
_bวงศ์สว่างพับลิชชิ่ง แอนด์ พรินติ้ง,
_c2558.
300 _a484 หน้า.
490 _aตำราจิตเวชสำหรับแพทย์เวชศาสตร์ครอบครัว ;
_v29
505 _aส่วนที่ 1 พัฒนาการของวัยรุ่น -- พัฒนาการของวัยรุ่น Adolescent Development
505 _aส่วนที่ 2 การตรวจสภาพจิตวัยรุ่น -- การสัมภาษณ์วัยรุ่นทางคลินิก The Clinical Interview of Adolescents
505 _aส่วนที่ 3 ปัญหาวัยรุ่น -- ปัญหาวัยรุ่น Adolescent Problems
505 _aส่วนที่ 4 ความผิดปกติของพัฒนาการประสาท -- ภาวะบกพร่องของทักษะการเรียนรู้เฉพาะ Specific Learning Disorders -- โรคสมาธิสั้น Attention - Deficit / Hyperactivity Disorder
505 _aส่วนที่ 5 โรคในกลุ่มกังวล -- โรคกังวลการพลัดพราก Separation Anxiety Disorder -- โรคแพนิค Panic Disorder -- โรคกังวล Generalized Anxiety Disorder -- โรคกลัว -- Phobic Disorder
505 _aส่วนที่ 6 อาการย้ำคิดย้ำทำและโรคที่สัมพันธ์กัน -- โรคย้ำคิดย้ำทำ Obsessive - Compulsive Disorder -- พฤติกรรมชอบถอนผม Trichotillomania
505 _aส่วนที่ 7 โรคเนื่องจากภยันตราย -- โรคทางจิตเวชเนื่องจากภยันตรายในเด็ก Pediatric Posttraumatic Stress Disorder
505 _aส่วนที่ 8 ความผิดปกติของการควบคุมอารมณ์และความประพฤติ -- พฤติกรรมต่อต้านและท้าทาย Oppositional - Defiant Disorder -- ความประพฤติผิดปกติ Conduct Disorder
505 _aส่วนที่ 9 โรคในกลุ่มโรคจิตเภท -- โรคจิตเภทในวัยเด็ก Childhood Schizophrenia
505 _aส่วนที่ 10 ความผิดปกติของอารมณ์ -- โรคอารมณ์แปรปรวนในเด็กและวัยรุ่น Mood Disorderss of Children and Adolescents
505 _aส่วนที่ 11 ความผิดปกติของการรับประทานอาหาร -- โรคอะนอเรคเชีย Anorexia Nervosa -- โรคบูลิเมีย Bulimia Nervosa
505 _aส่วนที่ 12 ภาวะอ้วน -- ทัศนคติของวัยรุ่นเกี่ยวกับรูปทรง Adolescent Perspective of Body Conformation -- การเจ็บป่วยและการเสียชีวิตของวัยรุ่นน้ำหนักมาก Morbidity and Mortality of Overweight Adolescents -- ภาวะอ้วนและกุมารเวชปฏิบัติ Obesity and Pediatric Practice -- การรักษาภาวะอ้วนในเด็ก Treatment of Obesity of Children
505 _aส่วนที่ 13 ความผิดปกติของการนอนหลับ --ความผิดปกติของการนอนหลับในวัยรุ่น Sleep Disorders of Adolescents
505 _aส่วนที่ 14 ความผิดปกติของเอกลักษณ์ทางเพศ -- ความผิดปกติของเอกลักษณ์ทางเพศ Gender Dysphoria -- พฤติกรรมบำบัดในความผิดปกติของเอกลักษณ์ทางเพศ Behavior Therapy of Gender Dysphoria
505 _aส่วนที่ 15 โรคไซโคโซมาติค -- โรคไซโคโชมาติคในเด็กและวัยรุ่น Psychosomatic Disorder of Children and Adolescents
505 _aส่วนที่ 16 การติดสารเสพย์ติด -- วัยรุ่นกับการติดสารเสพย์ติด Adolescent and Addiction -- เด็กในครอบครัวซึ่งติดสุราและการรักษา Children in Alcoholic Families and Treatment
505 _aส่วนที่ 17 อาการติดวิดีโอเกมส์ -- อาการติดวิดีโอเกมส์ Videogame Addiction
505 _aส่วนที่ 18 โรคเอดส์ในเด็กและวัยรุ่น -- ปัจจัยเสี่ยงต่อการติดเชื้อเอชไอวีในเด็ก Risk Factors for Transmission of HIV in Children -- โรคเอดส์ในเด็กและวัยรุ่น AIDS in Children and Adolescents -- เด็ก วัยรุ่นและครอบครัวซึ่งได้รับผลกระทบจากโรคเอดส์ Children Adolescents and Family Affected by AIDS -- การรักษาโรคเอดส์ในเด็กและวัยรุ่น Treatment of AIDS in Children and Adolescents -- การป้องกันการติดเชื้อเอชไอวีในวัยรุ่น Prevention of HIV in Adolescents
505 _aส่วนที่ 19 ความผิดปกติทางเพศ -- ความผิดปกติทางเพศในวัยรุ่น Sexual Disorders in Adolescents
505 _aส่วนที่ 20 พฤติกรรมรักร่วมเพศ -- พฤติกรรมรักร่วมเพศในวัยรุ่น Adolescent Homosexuality
505 _aส่วนที่ 21 การตั้งครรภ์ในวัยรุ่น -- ปัญหาทางจิตใจในการตั้งครรภ์ช่วงวัยรุ่น Psychological Issues in Teenage Pregnancy -- การพยายามฆ่าตัวตายในวัยรุ่นที่ตั้งครรภ์ Attemped Suicide in Pregnant Teenages
505 _aส่วนที่ 22 การฆ่าตัวตาย -- การฆ่าตัวตายในเด็กและวัยรุ่น Suicide in Children and Adolescents -- การรักษาเด็กและวัยรุ่นที่ฆ่าตัวตาย Treatment of Suicidal Children and Adolescents
505 _aส่วนที่ 23 ปัญหาพิเศษ -- ผลกระทบของการก่อการร้ายต่อเด็ก Impact of Terrorism on Children
505 _aส่วนที่ 24 จิตบำบัด -- การรักษาทางจิตเวชในเด็กและวัยรุ่น Psychiatric Treatment of Adolescents -- การแก้ไขภาวะวิกฤต Crisis Intervention -- พฤติกรรมบำบัดในเด็กและวัยรุ่น Behavior Therapy of Children and Adolescents -- การแก้ไขการรู้การเข้าใจและพฤติกรรมในเด็กและวัยรุ่น Cognitive - Behavioral Therapy of Children and Adolescents -- ครอบครัวบำบัด Family Therapy -- กลุ่มบำบัด Group Therapy
520 _aเป็นคู่มือเรียนสำหรับวิชาจิตเวชวัยรุ่น สำหรับบุคคลากรสายอาชีพ ประกอบด้วยกุมารแพทย์ศาสตร์ จิตเวชศาสตร์
650 _aจิตเวชศาสตร์
650 _aจิตวิทยาวัยรุ่น
710 _aมหาวิทยาลัยมหิดล.
_bคณะแพทยศาสตร์ศิริชาพยาบาล.
850 _aKCNL
856 _uhttps://elibrary-nmulib.cu-elibrary.com/rent/ebook/detail/805b8011-457d-407b-84b4-179de6886cb8
_yCU e-Library
942 _2nlm
_cEBK
998 _cthita
999 _c37390
_d37390